| 000 | 00677 a2200193 4500 | ||
|---|---|---|---|
| 010 | _aENG-85150 | ||
| 020 |
_a8171706967 _c250.00 |
||
| 035 | _aEN-68683 | ||
| 037 | _bD.B.Act / Pub | ||
| 082 | 1 | 4 | _a371.1024 |
| 090 |
_c1514 _d1514 |
||
| 100 | 1 | _aBalasubramanian, G. | |
| 245 | 1 |
_aCase studies in classrooms _ban insight into issues & concens _cby G. Balasubramanain |
|
| 260 |
_aNew Delhi _bFrank Bros. _c2006 (rep) |
||
| 270 |
_a4675-A, Ansari Road, 21, Daryaganj _bNew Delhi _k011-23263393, 011-23279936 |
||
| 300 |
_a135 p. _b22 cm (Pbk.) |
||
| 942 |
_adpl _cEN _k370.1024 / BAL |
||
| 999 |
_c1492 _d1492 |
||